[Event "GER-chT Betriebe 17th"]
[Site "Berlin"]
[Date "2017.11.04"]
[Round "5.4"]
[White "Hartmann, Matthias"]
[Black "Kettenburg, Stefan"]
[Result "0-1"]
[WhiteElo "1849"]
[BlackElo "2063"]
[PlyCount "72"]
[EventDate "2017.11.02"]
[EventType "team-swiss"]
[EventRounds "7"]
[EventCountry "GER"]
[SourceTitle "EXT 2020"]
[Source "ChessBase"]
[SourceDate "2019.10.17"]
[SourceVersion "1"]
[SourceVersionDate "2019.10.17"]
[SourceQuality "1"]
[WhiteTeam "Weinheim"]
[BlackTeam "Berlin Tempelhof"]
[WhiteTeamCountry "GER"]
[BlackTeamCountry "GER"]

1. Nf3 d5 2. d4 Nf6 3. e3 c5 4. b3 cxd4 5. exd4 Nc6 6. Bb2 Bf5 7. c3 e6 8. Be2 h6 9. 0-0 Bd6 10. Nbd2 0-0 11. Re1 Rc8 12. a3 Re8 13. c4 Ne4 14. c5 Be7 15. b4 Bf6 16. Nb3 Ng5 17. Nxg5 Bxg5 18. Bb5 Qc7 19. Na5 Nxa5 20. Bxe8 Nc4 21. Bxf7+ Qxf7 22. Bc3 Bf4 23. Ra2 Qg6 24. Qf3 Bb8 25. g3 Rf8 26. Qg2 Qh5 27. f4 Bh3 28. Qf2 Qg6 29. Kh1 h5 30. b5 Bf5 31. Bb4 Be4+ 32. Kg1 Rxf4 33. Qe2 h4 34. Rf1 hxg3 35. Rxf4 gxh2+ 36. Kxh2 Bxf4+ 0-1

[Event "GER-chT Betriebe 17th"]
[Site "Berlin"]
[Date "2017.11.03"]
[Round "4.4"]
[White "Benten, Wolfgang"]
[Black "Hartmann, Matthias"]
[Result "0-1"]
[WhiteElo "1556"]
[BlackElo "1849"]
[PlyCount "98"]
[EventDate "2017.11.02"]
[EventType "team-swiss"]
[EventRounds "7"]
[EventCountry "GER"]
[SourceTitle "EXT 2020"]
[Source "ChessBase"]
[SourceDate "2019.10.17"]
[SourceVersion "1"]
[SourceVersionDate "2019.10.17"]
[SourceQuality "1"]
[WhiteTeam "Berlin Osram II"]
[BlackTeam "Weinheim"]
[WhiteTeamCountry "GER"]
[BlackTeamCountry "GER"]

1. d4 d5 2. c4 c6 3. Nf3 Nf6 4. Nc3 e6 5. e3 Bd6 6. Bd3 0-0 7. 0-0 Nbd7 8. cxd5 exd5 9. Qc2 Re8 10. Re1 Nf8 11. h3 Qe7 12. Bd2 Ne4 13. Nh2 Bxh2+ 14. Kxh2 Nxf2 15. e4 Nxd3 16. Qxd3 dxe4 17. Rxe4 Be6 18. Qg3 Rad8 19. Ne2 Ng6 20. Bc3 Qd6 21. Nf4 Bd5 22. Rxe8+ Rxe8 23. Nxd5 Qxg3+ 24. Kxg3 cxd5 25. Rf1 Re4 26. Re1 Rxe1 27. Bxe1 Ne7 28. Kf4 Nc6 29. Ke3 f5 30. a4 Kf7 31. b4 g5 32. b5 f4+ 33. Kd3 Nd8 34. h4 h6 35. hxg5 hxg5 36. g3 Ne6 37. Bf2 Kf6 38. Ke2 fxg3 39. Bxg3 Nxd4+ 40. Kd3 Ne6 41. Bb8 a6 42. bxa6 bxa6 43. Ba7 Ke5 44. Ke3 d4+ 45. Kf3 Kd5 46. Bb8 Kc4 47. Ke4 Nc5+ 48. Kf5 d3 49. Bf4 gxf4 0-1